000 00921cab a2200265 4500
001 ABS50400
008 090401t1994 xxu||||| |||| 00| 0 eng d
035 _a(Sirsi) u75551
041 _aeng
100 _aHawley, K
245 _aBuilding design by chartered surveyors
260 _c1994
350 _a0
490 _aCSM (Chartered Surveyor Monthly)
_v3(7) April 1994, 20-21(2)
520 _aAnalyses the results of a questionnaire sent to chartered surveying practices by the RICS Building Design and Specification Skills Panel to establish the extent and nature of design work generally undertaken.
650 _aBUILDING AND DESIGN AND SPECIFICATION SKILLS PANEL
650 _aBUILDING SURVEYORS
650 _aABOUT RICS-RICS MEMBERS
650 _aDESIGN WORK
650 _aQUESTIONNAIRE
650 _aRICS
690 _aBUILT ENVIRONMENT-CONSTRUCTION DESIGN
942 _n0
948 _c04/03/1997
999 _c47535
_d47535